Truyện dân gian về phong tục ở Đồng bằng sông Cửu Long : Luận văn thạc sĩ . Ngành Văn học Việt Nam

Tiến hành khám phá, làm nổi bật những đặc điểm về nội dung và thi pháp của hệ thống truyện dân gian về phong tuc tập quán của người Việt nơi đây . Sau đó, sẽ tập hợp những truyện đã khảo sát thành hệ thống phụ lục - có chú thích để...

全面介紹

Đã lưu trong:
書目詳細資料
主要作者: Bùi, Văn Hải
格式: 圖書
語言:Undetermined
出版: Cần Thơ Đại học Cần Thơ 2013
主題:
標簽: 添加標簽
沒有標簽, 成為第一個標記此記錄!
Thư viện lưu trữ: Trung tâm Học liệu Trường Đại học Cần Thơ
LEADER 01374nam a2200217Ia 4500
001 CTU_184440
008 210402s9999 xx 000 0 und d
082 |a 398.255978 
082 |b H103 
088 |a 60220121 
100 |a Bùi, Văn Hải 
245 0 |a Truyện dân gian về phong tục ở Đồng bằng sông Cửu Long : 
245 0 |b Luận văn thạc sĩ . Ngành Văn học Việt Nam 
245 0 |c Bùi Văn Hải ; Trần Văn Nam người hướng dẫn 
260 |a Cần Thơ 
260 |b Đại học Cần Thơ 
260 |c 2013 
520 |a Tiến hành khám phá, làm nổi bật những đặc điểm về nội dung và thi pháp của hệ thống truyện dân gian về phong tuc tập quán của người Việt nơi đây . Sau đó, sẽ tập hợp những truyện đã khảo sát thành hệ thống phụ lục - có chú thích để mọi người dễ dàng tìm hiểu, đánh gía và thưởng thức. 
650 |a Văn học dân gian, Việt Nam,Phong tục và tập quán,Văn học dân gian, Đồng bằng sông Cửu Long,Folk literature, vietnamese,Folk literature, mekong river delta 
904 |i Thu Lài 
980 |a Trung tâm Học liệu Trường Đại học Cần Thơ